• 首页
  • 本馆介绍
  • 公告通知
  • 最新文献
  • 馆藏检索
  • 电子资源
  • 读者导购
  • 参考咨询
  • 我的图书馆
  • 登录
  • 详细信息显示
  • 放入我的书架
  • 预约/预借图书
  • 作者相关作品
  • 分类相关作品
  • 丛书相关作品
  • 出版社相关作品

书目信息

  • 表格格式
  • 工作单格式
  • 卡片格式
题名:
医学物理学
    
 
作者: 胡新珉 著
分册:  
出版信息: 北京   人民卫生出版社  2001
页数: 404页
开本: 26cm
丛书名:
单 册:
中图分类: R312-43
科图分类:
主题词: 医药学:基础科学 , 医学人类学
电子资源:
ISBN: 7-117-04245-1
000 00684nam0 2200241 450
001 0663707804
005 20060929174348.84
010    @a7-117-04245-1@dCNY32.00
100    @a20060929d2001 km y0chiy0120 ea
101 0  @achi
102    @aCN@b110000
200 1  @a医学物理学@Ayi xue wu li xue@f胡新珉 著@Fhu xin min zhu
205    @a5
210    @a北京@c人民卫生出版社@d2001
215    @a404页@d26cm
300    @a新世纪课程教材
300    @a全国高等医药院校教材(供基础、预防、临床、口腔医学类专业用)
606 0  @a医药学:基础科学
606 0  @a医学人类学
690    @aR312-43@v3
701  0 @a胡新珉@Ahu xin min@4著
801  0 @aCN@bPFT@c20060929
905    @a10447@dR312-43@e119=5
    
    医学物理学/胡新珉 著.-5.-北京:人民卫生出版社,2001
    404页;26cm
    新世纪课程教材.-全国高等医药院校教材(供基础、预防、临床、口腔医学类专业用)
    
    ISBN 7-117-04245-1:CNY32.00
    
●
相关链接 在E读中查询图书 在五车中查询图书 在当当中查询图书 在豆瓣中查询图书


正题名:医学物理学     索取号:R312-43/119=5         预约/预借

序号 登录号 条形码 馆藏地/架位号 状态 备注
1 0484172   204841724   密集书库/ [索取号:R312-43/119=5] 在馆    
2 0484173   204841733   密集书库/ [索取号:R312-43/119=5] 在馆    
3 0484174   204841742   密集书库/ [索取号:R312-43/119=5] 在馆    
唐山师范学院图书馆 欢迎您!
大连网信软件有限公司© 版权所有